| 000 | 00880nam a2200241Ia 4500 | ||
|---|---|---|---|
| 999 |
_c44310 _d44310 |
||
| 001 | 11068 | ||
| 003 | GE_BSU | ||
| 005 | 20221117111524.0 | ||
| 008 | 181216s2009en xx |||||||||||||| ||eng|| | ||
| 020 | _a9781844451906 x | ||
| 040 | _cGE_BSU | ||
| 041 | _aeng | ||
| 080 | _a37 R-53 | ||
| 100 |
_aRichardson, Lloyd . _915877 |
||
| 245 |
_aInformation SKILLS for Education Students / _cLloyd Richardson, McBryde-Wilding Heather |
||
| 264 |
_aEngland : _bLearning Matters, _c2009. |
||
| 300 |
_a94 p.: _b25cm. |
||
| 653 | _aInformation SKILLS for Education Students. | ||
| 653 | _aსაინფორმაციო უნარები განათლების სტუდენტებისთვის. | ||
| 653 | _aშემოსულია ტემპუსის პროექტით | ||
| 700 |
_aMcBryde-Wilding. Heather _915878 |
||
| 942 |
_cBK _2udc |
||